000
002730000a22000970004500
100
1
_a
Hamilton, Gordon J.
245
1
0
_a
A new interpretation of the end of 11QT III 3
300
_a
Vol. 39, Num. 4 (Octubre, 1989), Páginas 485-488
773
0
_t
Vetus Testamentum
942
_c
ANA
999
_c
57599
_d
57599